| 000 | 00385pab a2200145 454500 | ||
|---|---|---|---|
| 008 | 180718b2007 xxu||||| |||| 00| 0 eng d | ||
| 100 | _aBest, Jacqueline | ||
| 245 | _aLegitimacy dilemmas: the IMF's pursuit of country ownership | ||
| 260 | _c2007 | ||
| 300 | _ap.469-88. | ||
| 650 | _aInternational Monetary Fund | ||
| 773 | _aThird World Quarterly | ||
| 908 | _aN | ||
| 909 | _a75220 | ||
| 999 |
_c75220 _d75220 |
||